LEADER 01036nam a2200217 i 4500 001 000000158850 003 CaOOAMICUS 005 20070131000000.0 008 070131s1975 it u000 u ita u 013 $a136213 040 $aSeMil$bita 100 1 $aReghezza, G.B.$0(OLS)http://semarc/name/41609 245 13$aIl Concilio Vaticano 2. e il sistema pontificio della cooperazione missionaria /$cG.B. Reghezza. 260 $a[Roma] :$bSacra Congregazione per l'Evangelizzazione dei Popoli,$c1975. 300 $a39 p. ;$c24 cm. 650 4$aConcilio Vaticano II <1962-1965> - Cooperazione missionaria.$0(OLS)http://semarc/subject/17061 850 $aSeMil 852 $aSeMil$W1$xVenegono$y1$m5D V 14/27$j110454$B110454$CSeMilBibl$Z2$F120353 $81 961 $aLascito: Dugnani mons. Ferruccio 996 $6245$aIl Concilio Vaticano 2. e il sistema pontificio della cooperazione missionaria$9(OLS)http://semarc/title/140544 996 $6260$a[Roma] :$bSacra Congregazione per l'Evangelizzazione dei Popoli$9(OLS)http://semarc/publisher/44137 LEADER 01348nam a2200301 i 4500 001 000000211816 003 CaOOAMICUS 005 20120315000000.0 008 120315s1974 it u000 u ita u 013 $a190631 040 $aSeMil$bita 100 1 $aLoretz, Oswald,$d<1928-2014>.$0(OLS)http://semarc/name/13300 240 10$aSchöpfung und Mythos :$bMensch und Welt nach den anfangskapiteln der Genesis.$0(OLS)http://semarc/title/221223 245 10$aCreazione e mito :$buomo e mondo secondo i capitoli iniziali della Genesi /$cOswald Loretz. 250 $a[Ristampa]. 260 $aBrescia :$bPaideia,$c1974. 300 $a174 p. ;$c21 cm. 490 0 $aStudi biblici ;$v28 490 0 $aReprints ;$v60 650 4$aBibbia - Creazione.$0(OLS)http://semarc/subject/3081 650 4$aBibbia. Antico Testamento. Genesi, 1-11.$0(OLS)http://semarc/subject/1393 830 0$aStudi biblici ;$v28.$0(OLS)http://semarc/title/33 830 0$aReprints ;$v60.$0(OLS)http://semarc/title/24983 850 $aSeMil 852 $aSeMil$W1$xVenegono$y1$m2WA A 28/A$j236759$B162255$CSeMilBibl$Z2$F173630 $81 961 $aAcquisto: Paideia 996 $6245$aCreazione e mito :$buomo e mondo secondo i capitoli iniziali della Genesi$9(OLS)http://semarc/title/221222 996 $6260$aBrescia :$bPaideia$9(OLS)http://semarc/publisher/29614